000 00586 a2200205 4500
999 _c32008
_d32008
003 OSt
005 20260211102102.0
008 260210b ||||| |||| 00| 0 eng d
020 _a978-93-6074-848-7
040 _c.
082 _a621.4022
_bK872
100 _96453
_aKothandaraman, C P
245 _aHeat and Mass Transfer Data Book /
_cC P Kothandaraman and S Subramanyan
250 _a11th ed.
260 _bNew Age International Publishers,
_aNew Delhi :
_c2026.
300 _a211 p.
650 0 _9420
_aHeat Transmission
700 _95455
_aSubramanyan, S.
942 _2ddc
_cBK